| 000 | 00491nas a22001817i 4500 | ||
|---|---|---|---|
| 001 | 8001 | ||
| 003 | OSt | ||
| 005 | 20170216211012.0 | ||
| 007 | tu | ||
| 008 | 161220s2010 xxu||||| |||| 00| 0 d | ||
| 024 | 7 |
_a8001 _2RID |
|
| 040 | _cOSt | ||
| 100 | 1 |
_aWill, Bartlett _eEd. |
|
| 245 | 0 | 0 |
_aSouth Eastern Europe after the Crisis _bA New Dawn or Back to Business as Usual? |
| 260 |
_aLondon : _bLSE - Research on South Eastern Europe, _c2010. |
||
| 300 | _c30cm | ||
| 700 | 1 |
_aVassilis, Monastiriotis _eEd. |
|
| 942 | _cP | ||
| 999 |
_c6740 _d6740 |
||